कामरू की पद्मिनी / (Record no. 115508)

MARC details
000 -LEADER
fixed length control field 01066nam a22002777a 4500
003 - CONTROL NUMBER IDENTIFIER
control field dpl
005 - DATE AND TIME OF LATEST TRANSACTION
control field 20180711164721.0
008 - FIXED-LENGTH DATA ELEMENTS--GENERAL INFORMATION
fixed length control field 180711b xxu||||| |||| 00| 0 eng d
010 ## - LIBRARY OF CONGRESS CONTROL NUMBER
LC control number A-611088
020 ## - INTERNATIONAL STANDARD BOOK NUMBER
Terms of availability 40.00
035 ## - SYSTEM CONTROL NUMBER
System control number A-611088, A-611115
037 ## - SOURCE OF ACQUISITION
Source of stock number/acquisition Cen Lib/Ret
040 ## - CATALOGING SOURCE
Original cataloging agency DPL
Language of cataloging HN
Transcribing agency 0
082 ## - DEWEY DECIMAL CLASSIFICATION NUMBER
Classification number
Item number शुक्लक
100 ## - MAIN ENTRY--PERSONAL NAME
Personal name शुक्ल, कमल
9 (RLIN) 62093
245 ## - TITLE STATEMENT
Title कामरू की पद्मिनी /
Statement of responsibility, etc कमल शुक्ल
246 ## - VARYING FORM OF TITLE
Title proper/short title Kamru ki padmini /
Remainder of title by Kamal Shukla
260 ## - PUBLICATION, DISTRIBUTION, ETC. (IMPRINT)
Place of publication, distribution, etc दिल्ली
Name of publisher, distributor, etc आधुनिक प्रकाशन
Date of publication, distribution, etc 1992
270 ## - ADDRESS
City दिल्ली
Address 4 बी/6, गुरुद्वारा मौहल्ला पूरी गली-7, मौजपुर
Postal code 110053
300 ## - PHYSICAL DESCRIPTION
Extent 95पृ.
Dimensions 17सेमी(सजिल्द)
650 ## - SUBJECT ADDED ENTRY--TOPICAL TERM
Topical term or geographic name as entry element हिन्दी साहित्य
9 (RLIN) 62094
650 ## - SUBJECT ADDED ENTRY--TOPICAL TERM
Topical term or geographic name as entry element उपन्यास
9 (RLIN) 62095
650 ## - SUBJECT ADDED ENTRY--TOPICAL TERM
Topical term or geographic name as entry element Hindi literature
9 (RLIN) 62096
650 ## - SUBJECT ADDED ENTRY--TOPICAL TERM
Topical term or geographic name as entry element Fiction
9 (RLIN) 8901
942 ## - ADDED ENTRY ELEMENTS (KOHA)
Source of classification or shelving scheme Dewey Decimal Classification
Koha item type Hindi Books
Classification part
Call number suffix शुक्लक
Holdings
Withdrawn status Lost status Damaged status Not for loan Home library Current library Date acquired Source of acquisition Cost, normal purchase price Total Checkouts Full call number Barcode Date last seen Copy number Cost, replacement price Price effective from Koha item type Public note Source of classification or shelving scheme Collection code
Written off       Central Library Central Library 20/08/2015 Cen Lib/Ret 40.00   उ शुक्लक A-611088 20/08/2015 1 40.00 20/08/2015 Hindi Books Written off on approval by DLB (By Circulation); dtd 15-06-2023    
Withdrawn       Central Library Central Library 21/08/2015 Cen Lib/Ret 40.00   उ शुक्लक A-611118 21/08/2015 1 40.00 21/08/2015 Hindi Books      
        Shahdara Branch Shahdara Branch 11/07/2018 BPPD/PUB 40.00   उ शुक्लक A-611115 11/07/2018   40.00 11/07/2018 Hindi Books   Dewey Decimal Classification Fiction

© Delhi Public Library
Hit Counter
free hit counter